KOHA-Header-6

Advanced Computer Architectures a design space approach (Record no. 2249)

000 -LEADER
fixed length control field 00318nam a2200121Ia 4500
008 - FIXED-LENGTH DATA ELEMENTS--GENERAL INFORMATION
fixed length control field 190802s9999 xx 000 0 und d
020 ## - INTERNATIONAL STANDARD BOOK NUMBER
International Standard Book Number 978-81-317-0208-6
100 ## - MAIN ENTRY--PERSONAL NAME
Personal name Dezso Sima
245 #0 - TITLE STATEMENT
Title Advanced Computer Architectures a design space approach
260 ## - PUBLICATION, DISTRIBUTION, ETC. (IMPRINT)
Place of publication, distribution, etc USA
Name of publisher, distributor, etc Pearson
Date of publication, distribution, etc 2006
300 ## - PHYSICAL DESCRIPTION
Extent 790:P
942 ## - ADDED ENTRY ELEMENTS (KOHA)
Koha item type Books
Holdings
Withdrawn status Lost status Source of classification or shelving scheme Damaged status Not for loan Collection code Permanent Location Current Location Shelving location Date acquired Full call number Barcode Date last seen Price effective from Koha item type
          CSE MAJU MAJU Shelf No.A31 2019-08-03 4.22 8872 2020-09-01 2019-08-03 Computer System Engineering

Powered by Koha